| 000 | 01954cam a22004454i 4500 | ||
|---|---|---|---|
| 003 | PE-LiUPU | ||
| 005 | 20250731183353.0 | ||
| 008 | 160914s2012 r 000 0 spa d | ||
| 020 | _a8497284364 | ||
| 020 | _a9788497284363 | ||
| 035 | _a(Sirsi) a163441 | ||
| 040 |
_aPE-LiUPU _bspa _cPE-LiUPU _erda |
||
| 049 | _aPRUA | ||
| 082 | 0 | 4 |
_a721.7394 _bW72 |
| 100 | 1 |
_aWillis, Robert, _eautor. |
|
| 245 | 1 | 3 |
_aLa construcción de las bóvedas en la edad media / _cRobert Willis. |
| 264 |
_aMadrid : _cInstituto Juan de Herrera, _c2012. |
||
| 300 |
_axxxvii, 166 páginas : _bIlustraciones ; _c24 centímetros. |
||
| 336 |
_atext _2rdacontent |
||
| 337 |
_aunmediated _2rdamedia |
||
| 338 |
_avolume _2rdacarrier |
||
| 504 | _aÍndice : páginas 155-166. | ||
| 505 | 0 | _aIntroducción -- Cosntrucción general de las bóvedas -- Curvatura de los nervios -- Nervios de clave, ligaduras y claves -- Bóvedas de abanico. | |
| 526 | _aP158 | ||
| 526 | _aP146 | ||
| 526 | _aP17 | ||
| 526 | _aP12 | ||
| 526 | _aP06 | ||
| 541 | _g0020-0001185; | ||
| 650 | 1 | 4 |
_aBóvedas (Arquitectura), Gótico _zGran Bretaña. |
| 650 | 1 | 4 |
_aArquitectura medieval _zGran Bretaña. |
| 910 |
_ajck _bncf _cncf _d20160914 |
||
| 942 |
_2ddc _cBOOK |
||
| 949 |
_a721.4394 W72 _wDEWEY _i69433 _lCATALOGIN _mBUL _p20.39 _r0 _sY _tBOOK _u2016-09-14 _xINGINIERIA _z _0ARQUITECTURA _o.STAFF. Colección FIA |
||
| 994 |
_aC0 _bPEPRU |
||
| 596 | _a1 | ||
| 999 |
_a721.4394 W72 _wDEWEY _c12320 _i69433 _f2021-11-9 _g7 _lCCODEBUL1 _mBUL _p20.39 _r0 _sY _tBOOK _u2016-9-14 _xINGENIERIA _PP06 _0COMPRA _o.STAFF. Colección Ingenieria y Arquitectura _d12320 |
||
| 999 |
_a721.4394 W72 _wDEWEY _c2 _i74760 _d2018-6-11 _f2021-11-9 _g7 _lCCODEBUL1 _mBUL _p24.74 _q1 _r0 _sY _tBOOK _u2016-9-26 _xINGENIERIA _PP06 _0COMPRA _o.STAFF. Colección Ingenieria y Arquitectura |
||
| 980 |
_81 _gALBERTO SANCHEZ Responsable de Automatización |
||